000
00311nam a22001337a 4500
008
180209b xxu||||| |||| 00| 0 eng d
020
_a
588281001
041
_a
eng
080
_a
338
100
_a
54
101
_a
MNG
245
_a
Management/ Competencies and Incompetencies
_c
Anthony, W.P
942
_2
udc
_c
BK
999
_c
42260
_d
42260